000 00616nam a22002057a 4500
003 OSt
005 20250923012233.0
008 250923b |||||||| |||| 00| 0 eng d
020 _a978-0-07-351096-5
040 _aDWCL-Main lib
_cOC
082 _aGR. 610 M113 2008
110 _aBreskin, M.
245 _aMcGraw-Hill medical dictionary for allied health
260 _aBoston :
_bMcGraw-Hill,
_cc2008.
300 _axxii, 549 pages :
_bcolored illustration ;
_c23cm
650 _a1. Allied health personnel.
650 _a2. Health-Dictionaries.
650 _a3. Medicine-Dictionaries.
942 _2ddc
_cGR
_kGR
_n0
999 _c4494
_d4494